[Event "Titled Tuesday intern op 23rd Apr Late"]
[Site "Chess.com INT"]
[Date "2024.04.23"]
[Round "3"]
[White "Slovineanu, Viacheslav"]
[Black "Spata, German"]
[Result "0-1"]
[WhiteElo "2412"]
[BlackElo "2419"]
[PlyCount "102"]
[EventDate "2024.04.23"]
[EventType "swiss (blitz)"]
[EventRounds "11"]
[EventCountry "USA"]
[SourceTitle "CB18_2024"]
[SourceDate "2024.05.01"]
[SourceVersion "1"]
[SourceVersionDate "2024.05.01"]
[SourceQuality "2"]

1. d4 a6 2. Nf3 e6 3. c4 d5 4. b3 Nf6 5. e3 c5 6. Bd3 cxd4 7. exd4 Nc6 8. Bb2 Bb4+ 9. Nbd2 0-0 10. 0-0 dxc4 11. bxc4 Be7 12. Qe2 b6 13. Rfd1 Bb7 14. Rac1 Rc8 15. Ne4 Nb4 16. Nxf6+ Bxf6 17. Bb1 Re8 18. a3 Nc6 19. d5 exd5 20. Qd3 g6 21. Bxf6 Qxf6 22. cxd5 Ne5 23. Nxe5 Rxc1 24. Rxc1 Qxe5 25. Rd1 Qxd5 26. Qxd5 Bxd5 27. f3 Be6 28. Rd6 Rb8 29. Bd3 a5 30. Bb5 Kf8 31. Kf2 Ke7 32. Rc6 Rb7 33. Ba6 Rb8 34. Bb5 Bd5 35. Rc7+ Kd6 36. Rd7+ Kc5 37. a4 Rb7 38. Rd8 Rc7 39. Ke3 Bc4 40. Be8 Re7+ 41. Kf4 Kb4 42. Rb8 Ka3 43. g4 Bb3 44. h4 Re6 45. g5 Bxa4 46. Bxf7 Re7 47. Bd5 b5 48. h5 b4 49. hxg6 hxg6 50. Be4 Be8 51. Ra8 a4 0-1

[Event "Titled Tuesday intern op 23rd Apr Late"]
[Site "Chess.com INT"]
[Date "2024.04.23"]
[Round "9"]
[White "Veinberg, Nimrod"]
[Black "Spata, German"]
[Result "1-0"]
[WhiteElo "2410"]
[BlackElo "2419"]
[PlyCount "97"]
[EventDate "2024.04.23"]
[EventType "swiss (blitz)"]
[EventRounds "11"]
[EventCountry "USA"]
[SourceTitle "CB18_2024"]
[SourceDate "2024.05.01"]
[SourceVersion "1"]
[SourceVersionDate "2024.05.01"]
[SourceQuality "2"]

1. e4 a6 2. d4 e6 3. Nf3 d5 4. exd5 exd5 5. Bd3 c5 6. dxc5 Bxc5 7. 0-0 Ne7 8. Nbd2 0-0 9. Nb3 Bb6 10. h3 Qd6 11. Re1 Nbc6 12. Be3 Bxe3 13. Rxe3 Nf5 14. Re1 Bd7 15. c3 Rfe8 16. Qc2 g6 17. Rad1 Ne5 18. Nxe5 Rxe5 19. Rxe5 Qxe5 20. Bxf5 Bxf5 21. Qd2 Rd8 22. Re1 Qd6 23. Nd4 Bd7 24. Qg5 Re8 25. Rxe8+ Bxe8 26. Qe3 Bd7 27. Nb3 Qe6 28. Qxe6 fxe6 29. f4 Kf7 30. Nc5 Bc8 31. Kf2 Kf6 32. Nd3 h6 33. Ke3 g5 34. g4 Bd7 35. Ne5 Be8 36. Nf3 Bg6 37. h4 gxh4 38. Nxh4 Be4 39. c4 b6 40. a3 Kf7 41. g5 h5 42. Kd4 Ke7 43. cxd5 exd5 44. Ke5 Kf7 45. f5 Kg7 46. f6+ Kf7 47. g6+ Bxg6 48. Nxg6 Kxg6 49. Ke6 1-0

[Event "Titled Tuesday intern op 06th Feb Late"]
[Site "Chess.com INT"]
[Date "2024.02.06"]
[Round "2"]
[White "Drygalov, Andrey"]
[Black "Spata, German"]
[Result "0-1"]
[WhiteElo "2475"]
[BlackElo "2399"]
[PlyCount "180"]
[EventDate "2024.02.06"]
[EventType "swiss (blitz)"]
[EventRounds "11"]
[EventCountry "USA"]
[SourceTitle "CB07_2024"]
[SourceDate "2024.02.14"]
[SourceVersion "1"]
[SourceVersionDate "2024.02.14"]
[SourceQuality "1"]

1. e4 e6 2. d4 d5 3. Nd2 dxe4 4. Nxe4 Bd7 5. Nf3 Bc6 6. Bd3 Nd7 7. 0-0 Ngf6 8. Qe2 Nxe4 9. Bxe4 Bxe4 10. Qxe4 c6 11. c3 Be7 12. Re1 0-0 13. Bf4 Nf6 14. Qc2 Re8 15. Rad1 Bd6 16. Be5 Qe7 17. h3 Rad8 18. a4 h6 19. Re2 Nd7 20. Bh2 Bxh2+ 21. Nxh2 Nf6 22. Nf3 c5 23. Re5 cxd4 24. Nxd4 Qc7 25. Qe2 a6 26. Re1 Rd5 27. Re3 Red8 28. Qf3 Qd7 29. b3 Rc5 30. Nc2 Qd5 31. Qxd5 Nxd5 32. Rd1 Rdc8 33. c4 Nxe3 34. Nxe3 b5 35. axb5 axb5 36. Kf1 bxc4 37. bxc4 Ra8 38. Ke2 Ra2+ 39. Kf3 Rc7 40. Rd8+ Kh7 41. g4 Ra3 42. Kg2 Rxe3 43. fxe3 Rxc4 44. Kf3 Kg6 45. Rd7 Rc5 46. Re7 Kf6 47. Rd7 Rc1 48. Ra7 Rf1+ 49. Kg2 Rb1 50. Kf3 Rb3 51. Rc7 Rd3 52. Ra7 Rd8 53. Kg3 Re8 54. Kf3 Re7 55. Ra6 Rd7 56. Rb6 Ke7 57. Ra6 g6 58. Rb6 Rd6 59. Rb7+ Rd7 60. Rb8 Kf6 61. Rh8 Kg7 62. Ra8 Rd5 63. Ra7 h5 64. Rb7 Kf6 65. Rc7 Rb5 66. Ra7 Rc5 67. Rb7 hxg4+ 68. hxg4 Rd5 69. Kf4 g5+ 70. Kf3 Kg6 71. Rc7 Rb5 72. Ra7 Rb1 73. Rc7 Rf1+ 74. Kg3 Ra1 75. Rb7 Ra3 76. Kf3 f5 77. gxf5+ exf5 78. Rb6+ Kh5 79. Rf6 f4 80. Kf2 Rxe3 81. Rf8 Kg4 82. Rg8 Rf3+ 83. Kg2 Rg3+ 84. Kf2 Ra3 85. Re8 Ra2+ 86. Kg1 Kg3 87. Re1 g4 88. Kh1 Rh2+ 89. Kg1 f3 90. Re3 Ra2 0-1

[Event "Titled Tuesday intern op 06th Feb Late"]
[Site "Chess.com INT"]
[Date "2024.02.06"]
[Round "5"]
[White "Spata, German"]
[Black "Reprintsev, Alexander"]
[Result "1-0"]
[WhiteElo "2399"]
[BlackElo "2241"]
[PlyCount "127"]
[EventDate "2024.02.06"]
[EventType "swiss (blitz)"]
[EventRounds "11"]
[EventCountry "USA"]
[SourceTitle "CB07_2024"]
[SourceDate "2024.02.14"]
[SourceVersion "1"]
[SourceVersionDate "2024.02.14"]
[SourceQuality "1"]

1. Nf3 d5 2. d4 Nc6 3. Bf4 Bg4 4. e3 e6 5. Be2 Bd6 6. Bg3 Nce7 7. c4 c6 8. Qb3 Rb8 9. Nc3 Nf6 10. 0-0 0-0 11. Rfc1 Ne4 12. Qc2 Nxc3 13. bxc3 Bxg3 14. hxg3 Bf5 15. Bd3 dxc4 16. Bxf5 Nxf5 17. Ne5 Nd6 18. Qe2 c5 19. Nxc4 Nxc4 20. Qxc4 Qc7 21. Rab1 Rfc8 22. a4 cxd4 23. Qxc7 Rxc7 24. cxd4 Rbc8 25. Rxc7 Rxc7 26. a5 Kf8 27. Kf1 Ke7 28. Ke2 Kd7 29. Kd3 Kc8 30. g4 h6 31. f4 Rc6 32. f5 Kc7 33. e4 f6 34. Rf1 Ra6 35. Ra1 Kd7 36. Rb1 exf5 37. gxf5 Kc7 38. Rc1+ Kd7 39. Rc5 b6 40. axb6 axb6 41. Rd5+ Kc7 42. e5 fxe5 43. dxe5 Ra2 44. g4 Ra3+ 45. Ke4 Ra4+ 46. Rd4 Ra1 47. e6 Re1+ 48. Kf4 b5 49. Rd7+ Kc6 50. Rxg7 b4 51. Rg8 Kc7 52. Rg7+ Kc6 53. Rd7 b3 54. Rd2 Kc5 55. g5 Rf1+ 56. Ke5 hxg5 57. e7 Re1+ 58. Kf6 g4 59. Kf7 g3 60. e8Q Rxe8 61. Kxe8 Kc4 62. f6 Kc3 63. Rg2 b2 64. Rxg3+ 1-0

[Event "Titled Tuesday intern op 12th Dec Early"]
[Site "Chess.com INT"]
[Date "2023.12.12"]
[Round "6"]
[White "Hrebenshchykova, Yelyzaveta"]
[Black "Spata, German"]
[Result "0-1"]
[WhiteElo "2279"]
[BlackElo "2399"]
[PlyCount "102"]
[EventDate "2023.12.12"]
[EventType "swiss (blitz)"]
[EventRounds "11"]
[EventCountry "USA"]
[SourceTitle "CB51_2023"]
[SourceDate "2023.12.20"]
[SourceVersion "1"]
[SourceVersionDate "2023.12.20"]
[SourceQuality "1"]

1. e4 e6 2. d4 d5 3. Nc3 dxe4 4. Nxe4 Bd7 5. Nf3 Bc6 6. Bd3 Nd7 7. 0-0 Ngf6 8. Bg5 Be7 9. Ned2 b6 10. c4 0-0 11. Qc2 Bb7 12. Rad1 h6 13. Bh4 c5 14. Rfe1 Re8 15. a3 Qc7 16. Bg3 Bd6 17. dxc5 Nxc5 18. Bf1 Bxg3 19. hxg3 Rac8 20. b4 Ncd7 21. Nd4 a6 22. N2b3 Red8 23. Rc1 Qb8 24. Bd3 Ne5 25. Bf1 Ned7 26. f3 Qxg3 27. Qf2 Qxf2+ 28. Kxf2 Rc7 29. Rcd1 Rdc8 30. f4 g6 31. g3 h5 32. Bh3 Nf8 33. Bf1 Kg7 34. c5 Ne4+ 35. Kg1 bxc5 36. bxc5 Nxc5 37. Na5 Bd5 38. Rb1 Nfd7 39. Rec1 Ne4 40. Rxc7 Rxc7 41. Re1 Nxg3 42. Bd3 Nc5 43. Bc2 Nf5 44. Bxf5 gxf5 45. Kf2 Ne4+ 46. Ke3 Rc3+ 47. Ke2 Rxa3 48. Rg1+ Kf6 49. Nac6 Ra2+ 50. Ke3 Ra3+ 51. Ke2 Bc4+ 0-1

[Event "Titled Tuesday intern op 12th Dec Early"]
[Site "Chess.com INT"]
[Date "2023.12.12"]
[Round "1"]
[White "Spata, German"]
[Black "Rose, Felix"]
[Result "1/2-1/2"]
[WhiteElo "2399"]
[BlackElo "2091"]
[PlyCount "94"]
[EventDate "2023.12.12"]
[EventType "swiss (blitz)"]
[EventRounds "11"]
[EventCountry "USA"]
[SourceTitle "CB51_2023"]
[SourceDate "2023.12.20"]
[SourceVersion "1"]
[SourceVersionDate "2023.12.20"]
[SourceQuality "1"]

1. Nf3 Nf6 2. b3 e6 3. Bb2 Be7 4. e3 d5 5. Be2 0-0 6. 0-0 b6 7. c4 Bb7 8. cxd5 Nxd5 9. d3 c5 10. a3 Nd7 11. Nbd2 Bf6 12. Qc2 Bxb2 13. Qxb2 Qf6 14. Qxf6 N5xf6 15. Rfc1 Rfd8 16. b4 Rac8 17. Bf1 Kf8 18. h3 h6 19. Nb3 Ke7 20. bxc5 Nxc5 21. Nxc5 Rxc5 22. Rxc5 bxc5 23. Ne5 Nd7 24. Nc4 Nb6 25. Rb1 Ba6 26. Nxb6 axb6 27. Rxb6 Bxd3 28. Rb7+ Kf6 29. a4 c4 30. f3 c3 31. Rc7 Bxf1 32. Kxf1 Ra8 33. Rc4 c2 34. Ke2 Rxa4 35. Rxc2 h5 36. Kf2 h4 37. f4 g5 38. Kf3 Kg6 39. Rc6 gxf4 40. exf4 Ra3+ 41. Kg4 Rg3+ 42. Kxh4 Rxg2 43. Rc5 Rg1 44. Rb5 Kf6 45. Rc5 Kg6 46. Rb5 Kf6 47. Rc5 Kg6 1/2-1/2

[Event "Titled Tuesday intern op 29th Aug Late"]
[Site "Chess.com INT"]
[Date "2023.08.29"]
[Round "10"]
[White "Colpe, Malte"]
[Black "Spata, German"]
[Result "1-0"]
[WhiteElo "2381"]
[BlackElo "2376"]
[PlyCount "49"]
[EventDate "2023.08.29"]
[EventType "swiss (blitz)"]
[EventRounds "11"]
[EventCountry "USA"]
[SourceTitle "EXT 2024"]
[Source "ChessBase"]
[SourceDate "2023.10.10"]
[SourceVersion "1"]
[SourceVersionDate "2023.10.10"]
[SourceQuality "1"]

1. e4 e6 2. d4 d5 3. Nd2 dxe4 4. Nxe4 Nd7 5. Nf3 Ngf6 6. Nxf6+ Nxf6 7. Be3 Bd6 8. Bb5+ Bd7 9. a4 0-0 10. Qe2 a6 11. Bd3 Bc6 12. 0-0 Bxf3 13. Qxf3 c6 14. c3 Nd5 15. Bd2 Qf6 16. Qe4 g6 17. g3 a5 18. Rae1 Rfe8 19. Bb1 Bf8 20. h4 Bg7 21. Bg5 Qf5 22. Qg2 Qg4 23. f3 Bxd4+ 24. Kh2 Qh5 25. g4 1-0

[Event "Titled Tuesday intern op 29th Aug Late"]
[Site "Chess.com INT"]
[Date "2023.08.29"]
[Round "9"]
[White "Spata, German"]
[Black "Czerw, Dawid"]
[Result "0-1"]
[WhiteElo "2376"]
[BlackElo "2400"]
[PlyCount "82"]
[EventDate "2023.08.29"]
[EventType "swiss (blitz)"]
[EventRounds "11"]
[EventCountry "USA"]
[SourceTitle "EXT 2024"]
[Source "ChessBase"]
[SourceDate "2023.10.10"]
[SourceVersion "1"]
[SourceVersionDate "2023.10.10"]
[SourceQuality "1"]

1. b3 g6 2. Bb2 Nf6 3. Bxf6 exf6 4. c4 d5 5. e3 Bg7 6. Nf3 0-0 7. Be2 f5 8. d4 dxc4 9. Bxc4 c5 10. 0-0 cxd4 11. exd4 Nc6 12. Na3 Nxd4 13. Nxd4 Bxd4 14. Rb1 a6 15. Nc2 Ba7 16. Qf3 Qb6 17. Ne3 Be6 18. Bd5 Rab8 19. Nc4 Qc5 20. Rbd1 Rfd8 21. Bxe6 fxe6 22. h4 b5 23. Ne3 Qe7 24. Qg3 Bxe3 25. Qxe3 Rd6 26. Rxd6 Qxd6 27. Re1 Re8 28. h5 gxh5 29. Qg5+ Kh8 30. Qf6+ Kg8 31. Re3 f4 32. Re5 h6 33. Qg6+ Kf8 34. Rxh5 Re7 35. Rxh6 Rf7 36. Qg5 Qd1+ 37. Kh2 Rg7 38. Rh8+ Kf7 39. Qh4 Qd4 40. Qh5+ Ke7 41. f3 Qf6 0-1

[Event "Villa Constitucion op"]
[Site "Villa Constitucion"]
[Date "2023.08.21"]
[Round "9"]
[White "Spata, German"]
[Black "Fiorito, Francisco"]
[Result "1/2-1/2"]
[WhiteElo "2376"]
[BlackElo "2340"]
[PlyCount "58"]
[EventDate "2023.08.17"]
[EventType "swiss"]
[EventRounds "9"]
[EventCountry "ARG"]
[SourceTitle "EXT 2024"]
[Source "ChessBase"]
[SourceDate "2023.10.10"]
[SourceVersion "1"]
[SourceVersionDate "2023.10.10"]
[SourceQuality "1"]

1. d4 Nf6 2. Nf3 b6 3. g3 Bb7 4. Bg2 g6 5. 0-0 Bg7 6. c4 0-0 7. Nc3 Ne4 8. Nxe4 Bxe4 9. Be3 d5 10. Qb3 c6 11. Rfd1 Nd7 12. Ne1 Bxg2 13. Kxg2 e6 14. Rac1 Rc8 15. cxd5 exd5 16. Rc2 Qc7 17. Nd3 Qb7 18. Rdc1 Rfe8 19. Kg1 h5 20. Nb4 Nb8 21. Qa4 b5 22. Qa5 h4 23. Nd3 Nd7 24. Nc5 Nxc5 25. Rxc5 Bf8 26. R5c2 Re6 27. Bf4 Bg7 28. Qd2 Re4 29. e3 h3 1/2-1/2

[Event "Villa Constitucion op"]
[Site "Villa Constitucion"]
[Date "2023.08.21"]
[Round "8"]
[White "Ticona Rocabado, Licael Roderick"]
[Black "Spata, German"]
[Result "1/2-1/2"]
[WhiteElo "2415"]
[BlackElo "2376"]
[PlyCount "36"]
[EventDate "2023.08.17"]
[EventType "swiss"]
[EventRounds "9"]
[EventCountry "ARG"]
[SourceTitle "EXT 2024"]
[Source "ChessBase"]
[SourceDate "2023.10.10"]
[SourceVersion "1"]
[SourceVersionDate "2023.10.10"]
[SourceQuality "1"]

1. d4 Nf6 2. c4 g6 3. Nc3 Bg7 4. e4 d6 5. Nf3 0-0 6. Be2 Nbd7 7. 0-0 e5 8. Be3 Qe7 9. dxe5 dxe5 10. Qc2 c6 11. Rad1 Ng4 12. Bg5 f6 13. Bh4 h5 14. Bg3 Kh7 15. b4 Nc5 16. a3 Ne6 17. h3 Nh6 18. c5 Ng4 1/2-1/2

[Event "Villa Constitucion op"]
[Site "Villa Constitucion"]
[Date "2023.08.20"]
[Round "6"]
[White "Spata, German"]
[Black "Aguilar Samper, Valentin"]
[Result "1-0"]
[WhiteElo "2376"]
[BlackElo "2177"]
[PlyCount "177"]
[EventDate "2023.08.17"]
[EventType "swiss"]
[EventRounds "9"]
[EventCountry "ARG"]
[SourceTitle "EXT 2024"]
[Source "ChessBase"]
[SourceDate "2023.10.10"]
[SourceVersion "1"]
[SourceVersionDate "2023.10.10"]
[SourceQuality "1"]

1. Nf3 e6 2. c4 Nf6 3. Nc3 Bb4 4. Qc2 c5 5. a3 Ba5 6. e3 0-0 7. d4 b6 8. Be2 Bb7 9. 0-0 d5 10. cxd5 exd5 11. dxc5 bxc5 12. Na4 Nbd7 13. Nxc5 Qc7 14. b4 Bb6 15. Bb2 Ne4 16. Bd4 Ndxc5 17. bxc5 Bxc5 18. Rab1 Qe7 19. Qb2 Bxd4 20. Nxd4 Rab8 21. Rfc1 g6 22. Ba6 Nc5 23. Bxb7 Rxb7 24. Qa2 Rxb1 25. Rxb1 Qd7 26. h3 Ne6 27. Rd1 Rb8 28. Ne2 Rd8 29. Qb2 Qa4 30. Rd3 Qa5 31. Qd2 Qc5 32. Rc3 Qb6 33. Rd3 Qc5 34. Qb2 Qa5 35. Nd4 Nxd4 36. Rxd4 h5 37. g3 Rc8 38. Rb4 Qa6 39. Kg2 Qc6 40. Qd4 Qd7 41. Ra4 Rc7 42. Ra5 Kh7 43. Rxd5 Qc6 44. e4 Re7 45. Re5 Rxe5 46. Qxe5 Qa4 47. Qf4 Kg8 48. Qe3 a5 49. Qd3 Kh7 50. Kf3 Qc6 51. h4 a4 52. Qe3 Qf6+ 53. Kg2 Qb2 54. Qd3 Qb3 55. Qd5 Kg7 56. Qc5 Kh7 57. e5 Kg7 58. Qe7 Qd5+ 59. Kg1 Qd1+ 60. Kh2 Qf3 61. Qc5 Kg8 62. Kg1 Qd1+ 63. Kg2 Qb3 64. Qd6 Kg7 65. Qf6+ Kh7 66. e6 fxe6 67. Qf7+ Kh6 68. Qg8 Qd5+ 69. Kg1 Qd1+ 70. Kh2 Qd4 71. Qf8+ Kh7 72. Qf7+ Kh8 73. Kg2 Qd5+ 74. Qf3 Qb3 75. Qf6+ Kh7 76. Qf7+ Kh8 77. Qxg6 Qxa3 78. Qh6+ Kg8 79. Qxe6+ Kg7 80. Qe5+ Kg8 81. Qxh5 Qb3 82. Qg5+ Kf8 83. Qf6+ Ke8 84. Qe5+ Kf8 85. h5 a3 86. Qf6+ Ke8 87. h6 Qb7+ 88. Kh2 Qb2 89. Qxb2 1-0

[Event "Villa Constitucion op"]
[Site "Villa Constitucion"]
[Date "2023.08.17"]
[Round "1"]
[White "Grego, Maximiliano"]
[Black "Spata, German"]
[Result "0-1"]
[WhiteElo "1766"]
[BlackElo "2376"]
[PlyCount "48"]
[EventDate "2023.08.17"]
[EventType "swiss"]
[EventRounds "9"]
[EventCountry "ARG"]
[SourceTitle "EXT 2024"]
[Source "ChessBase"]
[SourceDate "2023.10.10"]
[SourceVersion "1"]
[SourceVersionDate "2023.10.10"]
[SourceQuality "1"]

1. e4 c5 2. Nf3 d6 3. d4 cxd4 4. Nxd4 Nf6 5. Nc3 a6 6. Bg5 e6 7. f4 Be7 8. Qf3 Qc7 9. 0-0-0 Nbd7 10. g4 h6 11. Qh3 Nc5 12. Bg2 Bd7 13. Rhe1 0-0-0 14. Bxf6 Bxf6 15. Kb1 Kb8 16. Qg3 g5 17. h3 gxf4 18. Qf3 Na4 19. Rd3 Bxd4 20. Nxa4 Bxa4 21. Rxd4 Qxc2+ 22. Ka1 e5 23. Rb4 a5 24. Rb6 Qc5 0-1

[Event "Titled Tuesday intern op 18th Jul Early"]
[Site "Chess.com INT"]
[Date "2023.07.18"]
[Round "4"]
[White "Spata, German"]
[Black "Zhigalko, Sergei"]
[Result "0-1"]
[WhiteElo "2376"]
[BlackElo "2572"]
[PlyCount "130"]
[EventDate "2023.07.18"]
[EventType "swiss (blitz)"]
[EventRounds "11"]
[EventCountry "USA"]
[SourceTitle "EXT 2024"]
[Source "ChessBase"]
[SourceDate "2023.10.10"]
[SourceVersion "1"]
[SourceVersionDate "2023.10.10"]
[SourceQuality "1"]

1. Nf3 d5 2. b3 Bg4 3. Bb2 Nd7 4. e3 e5 5. Be2 Bd6 6. d4 Bxf3 7. Bxf3 e4 8. Be2 c6 9. c4 f5 10. Nc3 Ngf6 11. cxd5 cxd5 12. Nb5 Bb8 13. Ba3 Nf8 14. Rc1 Ne6 15. 0-0 a6 16. Nc3 b5 17. Bc5 Nxc5 18. dxc5 0-0 19. b4 f4 20. Bg4 Re8 21. Bh3 Ra7 22. Ne2 f3 23. gxf3 exf3 24. Ng3 Ne4 25. Nxe4 dxe4 26. Qxd8 Rxd8 27. Be6+ Kf8 28. Rfd1 Ke7 29. Bf5 Rf8 30. Bxe4 Be5 31. c6 Rc7 32. a3 Rf6 33. Rd3 g5 34. Kf1 g4 35. Rcd1 Rh6 36. Rd7+ Kf6 37. Rxc7 Bxc7 38. Bxf3 gxf3 39. Rd7 Rxh2 40. Ke1 Be5 41. c7 Bxc7 42. Rxc7 Rh1+ 43. Kd2 Rf1 44. e4 Rxf2+ 45. Ke3 Ra2 46. Kxf3 Rxa3+ 47. Kf4 h5 48. Rc6+ Ke7 49. Ke5 h4 50. Rc7+ Kd8 51. Rh7 h3 52. Kd6 Rd3+ 53. Ke6 Rb3 54. e5 Rxb4 55. Kd6 Rd4+ 56. Ke6 Rd3 57. Ra7 h2 58. Rh7 Rd2 59. Rh8+ Kc7 60. Ke7 b4 61. e6 b3 62. Kf7 Rf2+ 63. Kg6 Re2 64. Kf7 b2 65. e7 b1Q 0-1

[Event "Titled Tuesday intern op 04th Jul Late"]
[Site "Chess.com INT"]
[Date "2023.07.04"]
[Round "2"]
[White "Toolin, Christopher"]
[Black "Spata, German"]
[Result "1-0"]
[WhiteElo "2165"]
[BlackElo "2376"]
[PlyCount "77"]
[EventDate "2023.07.04"]
[EventType "swiss (blitz)"]
[EventRounds "11"]
[EventCountry "USA"]
[SourceTitle "EXT 2024"]
[Source "ChessBase"]
[SourceDate "2023.10.10"]
[SourceVersion "1"]
[SourceVersionDate "2023.10.10"]
[SourceQuality "1"]

1. d4 e6 2. c4 Nf6 3. Nf3 b6 4. a3 Bb7 5. Nc3 Ne4 6. Qc2 f5 7. e3 Be7 8. Nd2 Nxc3 9. Qxc3 0-0 10. b3 Bf6 11. Bb2 d6 12. Bd3 Bxg2 13. Rg1 Bb7 14. 0-0-0 c5 15. Qc2 cxd4 16. exd4 Nc6 17. d5 exd5 18. Bxf5 Bxb2+ 19. Qxb2 Qf6 20. Be6+ Kh8 21. Bxd5 Qxb2+ 22. Kxb2 Rxf2 23. Kc3 Na5 24. Ne4 Rf3+ 25. Rd3 Bxd5 26. Rxf3 Bxe4 27. Rf7 Bg6 28. Rd7 Nc6 29. Rxd6 Ne5 30. Re1 Nf3 31. Re7 Nxh2 32. Rxa7 Rf8 33. Rxb6 Bf5 34. Rf7 Kg8 35. Rxf8+ Kxf8 36. c5 g5 37. Rf6+ Ke7 38. Rxf5 g4 39. Rh5 1-0